| 000 | 00918nam a2200229 i 4500 | ||
|---|---|---|---|
| 001 | 187338 | ||
| 003 | SpMaBN | ||
| 005 | 20250816085102.0 | ||
| 008 | 170608s1963 fr |||| | fre d | ||
| 080 | _a729.967.3"07/11" | ||
| 245 | 0 | 0 |
_aChrists romans _b: les Christs en croix / _ctextes médiévaux traduits par E. de Solms ; [Abbaye Sainte-Marie de la Pierre-qui-Vire]. |
| 260 |
_aLa Pierre-qui-Vire, Yonne [Francia] : _bZodiaque, _c1963. |
||
| 300 |
_a195 p. : _bil. col. y n. ; _c26 cm. |
||
| 490 | 1 |
_aLes points cardinaux ; _v8 |
|
| 600 | 0 | 4 |
_aJesucristo- _xIconografía. _966368 |
| 650 | 7 |
_aCruces- _xHistoria. _9162992 |
|
| 650 | 7 |
_aEscultura románica _2embne _912453 |
|
| 700 | 1 |
_aSolms, Elisabeth de. _9162993 |
|
| 830 | 0 |
_aLes points cardinaux ; _v8 _9225555 |
|
| 852 |
_aES-MaACL _jL-31689 _z- enc. tela _z. - Donat. herederos de la bibl. de Mª del Pilar Costa Palacín |
||
| 999 |
_c187338 _d187338 |
||